000 00640nam a2200265Ia 4500
005 20260121165936.0
008 008 260114s9999 xx 000 0 eng d
020 _a9783658150372
037 _aEBOOK
040 _aCRL
040 _beng
040 _cCRL
041 _2eng
041 _aeng
084 _qCRL
100 _aJulia Katharina Weindel
_91057887
245 0 _aRetail Brand Equity and Loyalty
260 _bSpringer
260 _bSpringer
260 _c2016
856 _uhttps://link.springer.com/openurl?genre=book&isbn=978-3-658-15037-2
942 _cEBOOK
999 _c1623616
_d1623616